Digital image processing for remote sensing (Record no. 6535)

MARC details
000 -LEADER
fixed length control field 00633nam a2200193Ia 4500
003 - CONTROL NUMBER IDENTIFIER
control field IN-BaIIA
008 - FIXED-LENGTH DATA ELEMENTS--GENERAL INFORMATION
fixed length control field 211028s9999 xx 000 0 eng d
020 ## - INTERNATIONAL STANDARD BOOK NUMBER
International Standard Book Number 0-87942-106-1
040 ## - CATALOGING SOURCE
Transcribing agency IIA Library
080 ## - UNIVERSAL DECIMAL CLASSIFICATION NUMBER
Universal Decimal Classification number 681.32
Item number DIG
245 #0 - TITLE STATEMENT
Title Digital image processing for remote sensing
Statement of responsibility, etc. edited by Ralph Bernstein
260 ## - PUBLICATION, DISTRIBUTION, ETC.
Place of publication, distribution, etc. New York
Name of publisher, distributor, etc. The Institute of Electrical and Electronics Engineering
Date of publication, distribution, etc. 1978
300 ## - PHYSICAL DESCRIPTION
Extent vi, 473p.
650 ## - SUBJECT ADDED ENTRY--TOPICAL TERM
Topical term or geographic name entry element Digital image processing
9 (RLIN) 10259
650 ## - SUBJECT ADDED ENTRY--TOPICAL TERM
Topical term or geographic name entry element NASA thesaurus
650 ## - SUBJECT ADDED ENTRY--TOPICAL TERM
Topical term or geographic name entry element Remote sensing
9 (RLIN) 11185
700 ## - ADDED ENTRY--PERSONAL NAME
Personal name Bernstein, Ralph, ed.
9 (RLIN) 11186
942 ## - ADDED ENTRY ELEMENTS (KOHA)
Koha item type Books
Holdings
Withdrawn status Lost status Damaged status Not for loan Home library Current library Shelving location Date acquired Total Checkouts Full call number Barcode Date last seen Price effective from Koha item type Purchase Price
        IIA Library-Bangalore IIA Library-Bangalore General Stacks 06/08/1980   681.32/ DIG 7268 05/11/2021 06/08/1980 Books £ 11.50

Powered by Koha